000 00570nam a2200181Ia 4500
008 100921s9999 xx 000 0 und d
082 _b17922
_a891.463 थ 82
100 _aसाळगांवकर शशीकला.
245 _aकाटशह.
260 _bश्रीविद्या प्रकाशन, पुणे.
_c1982
300 _a151
_b---
365 _b20
520 _aललित-कादंबरी.
630 _aकाटशह.
650 _aललित-कादंबरी.
730 _aकाटशह.
942 _cBOOK
999 _c767035
_d767032